La vorágine

Salvato in:
Dettagli Bibliografici
Autore principale: Rivera, José Eustasio (Autore)
Natura: Libro
Lingua:spagnolo
Pubblicazione: Santiago Zig-Zag 1931
Serie:Biblioteca Zig-Zag, 26
Soggetti:
Tags: Aggiungi Tag
Nessun Tag, puoi essere il primo ad aggiungerne!!

MARC

LEADER 00000nam a2200000 a 4500
001 UCX2760
003 CL-VaPUC
008 910808e19310000CL |||||||||||||||||spa|d
082 0 4 |a Co863  |b RIV  |2 21 
100 0 |a Rivera, José Eustasio  |e author  |9 313852 
245 1 3 |a La vorágine 
300 |a 2 v 
942 |c BK 
945 |d 19910808 00:00:00 
260 |a Santiago  |b Zig-Zag  |c 1931 
650 0 |a Novelas colombianas  |9 266734 
583 |a last modification  |c 19910808 00:00:00  |k Rodrigo Vera 
490 0 |a Biblioteca Zig-Zag, 26 
999 |c 223708  |d 223706 
952 |0 0  |1 0  |4 0  |6 CO_863_000000000000000_RIV_1931  |7 0  |8 A  |9 219747  |a BIBEDU  |b BIBEDU  |d 2019-11-15  |i 1447513  |o Co863 RIV 1931  |p 1447513  |r 2019-11-15  |w 2019-11-15  |y BK  |k LIT